Responses for Show #8724 - Thursday, October 20, 2022

2022 Second Chance competition week 1, final game 1.

Contestants

[<< previous game]

Molly Karol, a CPA from Austin, Texas

Jessica Stephens, a statistical research specialist from Nashville, Tennessee

James Fraser, a naval aviator from Newport Beach, California

[next game >>]

Jeopardy! Round responses

SOUTHERN CITIES
PHOBIAS
(Ken: You'll tell us what scares a person who suffers from each one.)
A MATTER OF WIFE & DEATH
4-LETTER FOOD & DRINK
STRONG WORDS
MEDICAL DRAMA
    $200 5
Virginia

James
    $200 13
(Ken: And you know your phobias.)
[Loud audience reaction and applause]

bees

Jessica
    $200 25
Shakespeare

Molly
    $200 28
pita

Jessica
    $200 29
husky

Jessica
    $200 30
Grey's Anatomy

James
    $400 4
(James: What is [*] Alabama?)
(Ken: That's right, [*] is the abode.)

Sweet Home

James
    $400 12
fear of illness (disease)

Jessica
    $400 21
the Taj Mahal

Molly
    $400 27
brie

Jessica
    $400 20
potentate

Jessica
    $400 26
General Hospital

Jessica
    $1,000 3
(Ken: Yes, for Louis XVI.)

Louisville

Jessica
    $600 9
German people (Germans)

Jessica
    $600 16
Annie Oakley

Jessica
    $600 8
ouzo

Molly
    $600 19
hale

Jessica
    $600 22
Clooney

James
    $800 2
Knoxville

Jessica
    $800 10
trees

Jessica
    $800 17
(Huey) Long

James
    $800 7
okra

James
    $800 15
brawn

Molly
    $800 23
Chicago Med

Molly
    $1000 1
Charleston

James
    $1000 11
fear of nudity

Jessica
    $1000 18
Catherine Parr

James
    $1000 6
(Ken: Easy for a Navy man, yes.)
[Laughter]

grog

James
    $1000 14
robust

James
    $1000 24
The Good Doctor

Triple Stumper

Scores at the first commercial break (after clue 16):

James Jessica Molly
$4,400 $5,400 $1,400

Scores at the end of the Jeopardy! Round:

James Jessica Molly
$7,000 $7,600 $2,800

Double Jeopardy! Round responses

HISTORICAL WEAR
POETS & POETRY
IT HAS A NAME
CROSSWORD CLUES "M"
THERE'S A SEQUEL
MEDICAL DRAMA
    $400 9
a toga

Molly
    $400 28
The Divine Comedy

Jessica
    $400 26
a saddle

Molly
    $400 18
a Musketeer

Molly
    $400 24
Beavis and Butt-Head

Jessica
    $400 30
a tourniquet

Molly
    $800 8
armor

James
    $800 27
Leaves of Grass

Jessica
    $800 25
a handle

James
    $800 17
mixology

Jessica
    $800 23
Before Sunset

Molly
    $800 29
polio

Jessica
    $1200 7
Mao

James
    $1200 4
Langston Hughes

James
    $1200 22
a dink

Triple Stumper
    $1200 16
multilingual

James
    $1200 1
Trainspotting

Molly
    $1200 19
Eastwood

Jessica
    $4,699 5
(Mahatma) Gandhi

James
    $1600 10
[Ken reads and James responds, both using an exaggerated Scottish brogue.]
(Ken: As Alex used to say, yes.)
[Laughter and applause]

Rabbie Burns

James
    $1600 13
(Ken: It's a [*] guard, yes.)

pick

Jessica
    $1600 15
Mali

James
    $1600 2
(James: What is The Hunger Games Mockingjay?)
(Molly: What is Breaking Dawn?)

Harry Potter and the Deathly Hallows: Part 2

JamesMolly
Triple Stumper
    $1600 20
dialysis

Molly
    $2000 6
Medici

James
    $2,569 11
(Ken: [After the wager] All right, just to make it fun on the scorekeeper.)
...
(James: What is... Genesis?)

Paradise Lost

James
    $2000 12
globes

James
    $2000 14
a milliner

Jessica
    $2000 3
The Dark Knight Rises

Molly
    $2000 21
Balto

Molly

Scores at the end of the Double Jeopardy! Round:

James Jessica Molly
$19,930 $15,600 $10,400

Final Jeopardy! Round responses

INTERNATIONAL BORDERS
(Ken: [To Molly] [***] has a tiny 11-mile border with Russia.)
MollyWhat are Mongolia & North Korea?
$5,200
JessicaWhat is are Mongolia and Kazakhstan?
$13,000
JamesWhat are Mongolia + North Korea
$10,999
(2 of) Kazakhstan, Mongolia, or North Korea

Final scores:

James Jessica Molly
$30,929 $28,600 $15,600

Game dynamics:

Coryat scores:

James Jessica Molly
$19,400 $15,200 $10,400
20 R
(including 1 DD),
2 W
(including 1 DD)
22 R
(including 1 DD),
0 W
14 R,
1 W

Combined Coryat: $45,000

[game clues] [game scores] [suggest correction]

Game tape date: 2022-09-14
The J! Archive is created by fans, for fans. Scraping, republication, monetization, and malicious use prohibited; this site may use cookies and collect identifying information. See terms. The Jeopardy! game show and all elements thereof, including but not limited to copyright and trademark thereto, are the property of Jeopardy Productions, Inc. and are protected under law. This website is not affiliated with, sponsored by, or operated by Jeopardy Productions, Inc. Join the discussion at JBoard.tv.